Administrative law (Record no. 16978)
[ view plain ]
| 000 -LEADER | |
|---|---|
| fixed length control field | 00303nam a22001217a 4500 |
| 008 - FIXED-LENGTH DATA ELEMENTS--GENERAL INFORMATION | |
| fixed length control field | 140211t xxu||||| |||| 00| 0 eng d |
| 020 ## - INTERNATIONAL STANDARD BOOK NUMBER | |
| International Standard Book Number | 978-0-19-567477-4 |
| 100 ## - MAIN ENTRY--PERSONAL NAME | |
| Personal name | H.W. Wade & C.F Forsyth |
| 9 (RLIN) | 720 |
| 245 ## - TITLE STATEMENT | |
| Title | Administrative law |
| 250 ## - EDITION STATEMENT | |
| Edition statement | Ninth Edition |
| 300 ## - PHYSICAL DESCRIPTION | |
| Extent | xvi, 1035 p. ; |
| 942 ## - ADDED ENTRY ELEMENTS (KOHA) | |
| Source of classification or shelving scheme | |
| Koha item type | Book |
| Withdrawn status | Lost status | Source of classification or shelving scheme | Damaged status | Not for loan | Permanent Location | Current Location | Date acquired | Total Checkouts | Full call number | Barcode | Date last seen | Price effective from | Koha item type |
|---|---|---|---|---|---|---|---|---|---|---|---|---|---|
| Atta-ur-Rahman School of Applied Biosciences (ASAB) | Atta-ur-Rahman School of Applied Biosciences (ASAB) | 02/11/2014 | 342.42 WAD | ASAB12 | 02/11/2014 | 02/11/2014 | Book | ||||||
| Atta-ur-Rahman School of Applied Biosciences (ASAB) | Atta-ur-Rahman School of Applied Biosciences (ASAB) | 02/11/2014 | 342.42 WAD | ASAB11 | 02/28/2019 | 02/11/2014 | Book |
